书目信息 |
| 题名: |
计算机应用基础考试辅导:2007年版
|
|
| 作者: | 唐小毅 编 | |
| 分册: | ||
| 出版信息: | 人民邮电 2007.09 |
|
| 页数: | 230页 | |
| 开本: | 20cm | |
| 丛书名: | ||
| 单 册: | ||
| 中图分类: | TP39 | |
| 科图分类: | ||
| 主题词: | 计算机应用 | |
| 电子资源: | ||
| ISBN: | 978-7-115-16533-6 | |
| 000 | 00681nam0 2200229 45 | |
| 001 | 0959846810 | |
| 005 | 20091011163839.81 | |
| 010 | @a978-7-115-16533-6@dCNY22.00 | |
| 100 | @a20090515d2007 ekmy0 y0120 ea | |
| 102 | @aCN@b130000 | |
| 102 | @aCN@b110000 | |
| 105 | @ay z 000yy | |
| 200 | 1 | @a计算机应用基础考试辅导:2007年版@Aji suan ji ying yong ji chu kao shi fu dao:2007 nian ban@f唐小毅等编@Ftang xiao yi deng bian |
| 210 | @c人民邮电@d2007.09 | |
| 210 | @a北京@c人民邮电出版社 | |
| 215 | @a230页@d20cm | |
| 606 | 0 | @a计算机应用 |
| 690 | @aTP39@v4 | |
| 701 | 0 | @a唐小毅@Atang xiao yi@4编 |
| 801 | 0 | @aCN@c20091011 |
| 905 | @a10447@dTP39@eT260 | |
| 906 | @d22@n3@r1 | |
| 计算机应用基础考试辅导:2007年版/唐小毅等编.-人民邮电,2007.09.-北京:人民邮电出版社 |
| 230页;20cm |
| ISBN 978-7-115-16533-6:CNY22.00 |
| ● |
| 相关链接 |
|
|
|
正题名:计算机应用基础考试辅导:2007年版
索取号:TP39/T260
 
预约/预借
| 序号 | 登录号 | 条形码 | 馆藏地/架位号 | 状态 | 备注 |
| 1 | 893820 | 208938202 | 自科二线404/301自科库 90排2列2层/ [索取号:TP39/T260] | 在馆 | |
| 2 | 893821 | 208938211 | 自科库301/301自科库 64排1列1层/ [索取号:TP39/T260] | 在馆 | |
| 3 | 893822 | 208938220 | 自科库301/301自科库 64排1列1层/ [索取号:TP39/T260] | 在馆 |